|
|
|
|
| LEADER |
00000nam0a2200000 4500 |
| 001 |
331044 |
| 005 |
20231102004322.0 |
| 035 |
|
|
|a (RuTPU)RU\TPU\book\356832
|
| 035 |
|
|
|a RU\TPU\book\356829
|
| 090 |
|
|
|a 331044
|
| 100 |
|
|
|a 20170413d1978 k y0rusy50 ca
|
| 101 |
0 |
|
|a rus
|
| 102 |
|
|
|a RU
|
| 105 |
|
|
|a a z 001zy
|
| 200 |
1 |
|
|a Геология, разработка, физика и гидродинамика пласта нефтяных месторождений Татарии
|f Татарский государственный научно-исследовательский и проектный институт нефтяной промышленности (ТатНИПИнефть) ; под ред. Ф. М. Хаммадеева
|
| 210 |
|
|
|a Бугульма
|c ТатНИПИнефть
|d 1978
|
| 215 |
|
|
|a 220 с.
|c ил.
|
| 225 |
1 |
|
|a Труды [Татарского государственного научно-исследовательского и проектного института (татНИПИнефть)]
|v Вып. 38
|
| 320 |
|
|
|a Библиография в конце статей
|
| 606 |
1 |
|
|a Нефтяные месторождения
|x Геология
|2 stltpush
|3 (RuTPU)RU\TPU\subj\45952
|9 65141
|
| 606 |
1 |
|
|a Нефтяные месторождения
|x Системы разработки
|2 stltpush
|3 (RuTPU)RU\TPU\subj\45964
|9 65153
|
| 610 |
1 |
|
|a нефтедобыча
|
| 610 |
1 |
|
|a Татария
|
| 610 |
1 |
|
|a исследование
|
| 610 |
1 |
|
|a нефтяные пласты
|
| 610 |
1 |
|
|a физика
|
| 610 |
1 |
|
|a гидродинамика
|
| 610 |
1 |
|
|a АСУ
|
| 610 |
1 |
|
|a автоматизированные системы управления
|
| 610 |
1 |
|
|a битумы
|
| 610 |
1 |
|
|a извлечение
|
| 610 |
1 |
|
|a нефтяные залежи
|
| 675 |
|
|
|a 553.982
|v 3
|
| 675 |
|
|
|a 622.276
|v 3
|
| 702 |
|
1 |
|a Хаммадеев
|b Ф. М.
|4 340
|
| 712 |
0 |
2 |
|a Татарский государственный научно-исследовательский и проектный институт нефтяной промышленности (ТатНИПИнефть)
|2 stltpush
|3 (RuTPU)RU\TPU\col\13469
|
| 801 |
|
1 |
|a RU
|b 63413507
|c 20090425
|g PSBO
|
| 801 |
|
2 |
|a RU
|b 63413507
|c 20170421
|g PSBO
|
| 942 |
|
|
|c BK
|